| 000 | 01672nam0a22002891 4500 | ||
|---|---|---|---|
| 001 | RU\NLR\INFOCOMM_253\5000052186 | ||
| 005 | 20250613101747.0 | ||
| 035 | _a(NLR Aleph) 009391779 | ||
| 090 |
_a8047534 _c8047534 |
||
| 100 | _a20101211d1980 |||y0rusy50 ca | ||
| 101 | 0 | _aspa | |
| 102 | _aRU | ||
| 105 | _ay ||||000|y | ||
| 200 | 1 |
_aDesarrollo y organización contemporanea de la información científica y técnica para la industria en los países socialistas miembros del CAME _eMaterial de estudio para los Cursos para especialistas de los países de la América Latina organizados por ONUDI y UNESCO en colab. con el Gobierno de la URSS _eLos cursos tendrán lugar en el Inst. de la inform. ci. y técn. de la URSS (VINITI) (17 de mar. - 26 de mayo de 1980) _fO. I. Globachov, A. G. Chajmajchev _gONUDI - UNESCO. Cursos inter-reg. para prep. de especialistas de inform. y documentación industr. |
|
| 210 |
_aМосква _cВИНИТИ _d1980 |
||
| 215 |
_a78 с. _d26 см |
||
| 300 | _aВ вып. дан.: Организация научно-технической информации для промышленности в социалистических странах, членах Совета экономической взаимопомощи / О. И. Глобачев, А. Г. Чахмахчев | ||
| 686 |
_aЖф0(2) _2rubbk |
||
| 700 | 1 |
_9z01790 _aGlobačev _bO. I. _4070 |
|
| 701 | 1 |
_9z02790 _aČachmachčev _bA. G. _gAleksandr Gajkovič _4070 |
|
| 790 | 1 |
_9z01700 _aGlobachov _bO. I. _4070 |
|
| 790 | 1 |
_9z02701 _aChajmajchev _bA. G. _4070 |
|
| 801 | 1 |
_aRU _bNLR _c20101211 |
|
| 801 | 0 |
_aRU _bNLR _gPSBO |
|
| 852 |
_aNLR _jТ11 Д-8/53 |
||
| 942 | _cBOOK | ||
| 980 | _aNB | ||